00566nam a2200181Ia 450000500170000000800410001702000180005804100120007608200170008810000190010524501270012425000120025126000370026330000210030065000240032165000150034570000240036020260429112130.0260429s9999||||xx |||||||||||||| ||und|| a9780367487706 aEnglish a519.535bSAR aSarma, K. V. S 0aMultivariate statistics made simple : ba practical approach to theories and clinical case documentation / cK. V. S Sarma a1st ed. aBoca Raton : bCRC Press,c2024. axvi, 242 p.; pbk a practical approach aStatistics a Vardhan, R. Vishnu